| 000 | 00722nas a2200253 4500 | ||
|---|---|---|---|
| 001 | BR9205849 | ||
| 003 | BR-BrBNA | ||
| 005 | 20231205094629.0 | ||
| 007 | ta | ||
| 008 | 230509b bl.|||p| |||| 00| 00por d | ||
| 040 |
_aBR-BrBNA _bpor _cBiblioteca Nacional de Agricultura |
||
| 041 | _a(Pt) | ||
| 072 | _aF01 | ||
| 100 | 1 | _aGil, C.M. | |
| 100 | 1 | _aMinami, K. | |
| 100 | 1 | _aDemetrio, C.G.B. | |
| 245 | 1 | _aEfeito do tamanho dos bulbos e gladiolo sobre a qualidade da haste floral | |
| 650 | _aBulbo | ||
| 650 | _aPlanta Ornamental | ||
| 650 | _aFlor | ||
| 773 | 0 |
_tSolo (Brazil) _xISSN 0584-0821 _g(Jul-Dec 1978), v. 70(2) p. 66-68 _wBR9205849 |
|
| 909 |
_a202311 _bLúcia _c55 _dLúcia Elande |
||
| 942 |
_2AGRIS _n0 _cANA |
||
| 999 |
_c145765 _d145765 |
||